00583nam a2200193Ia 450000500170000000800410001702000150005808200130007324500720008626000450015830000160020365000120021965000130023165000110024470000180025594200060027395200950027999900150037420250107025830.0240331s9999 xx 000 0 und d a0195635302 bSUBa950 0aSubaltern studies IV :bwritings on South Asian history and society aNew DelhibOxford University Pressc1985 aX, 383 p ., aHistory aColonial aSocial aGuha,R. eedt cL 001040708LaWERCLbWERCLcSSCd2024-03-31l0o 950 SUBp3639r2024-03-31w2024-03-31yL c3500d3500